Aller au contenu
VuFind
Langue
English
Deutsch
Español
Français
Italiano
日本語
Nederlands
Português
Português (Brasil)
中文(简体)
中文(繁體)
Türkçe
עברית
Gaeilge
Cymraeg
Ελληνικά
Català
Euskara
Русский
Čeština
Suomi
Svenska
polski
Dansk
slovenščina
اللغة العربية
বাংলা
Galego
Tiếng Việt
Hrvatski
हिंदी
Tous les champs
Titre
Auteur
Sujet
Cote
ISBN/ISSN
Tag
Rechercher
Recherche avancée
Rechercher
Indian standards specification...
Citer
Envoyer par courriel
Imprimer
Exporter les notices
Exporter vers RefWorks
Exporter vers EndNoteWeb
Exporter vers EndNote
permanent_link
Chargement en cours...
Indian standards specification for forzen prawns(shrimp)
Détails bibliographiques
Langue:
English
Sujets:
Exemplaires
Description
Documents similaires
Affichage MARC
LEADER
00334nam a2200145 a 4500
005
20151028162208.0
008
960221s1955 dcuabcdjdbkoqu001 0deng d
003
ViArRB
082
|a
641.395
245
|a
Indian standards specification for forzen prawns(shrimp)
300
|c
Book
653
|a
942
|c
BK
|6
_
942
|c
BK
999
|c
77124
|d
77124
Documents similaires
Indian standard: specification for frozen prawns(shrimp) Indian standards MS001635-MS001648 and MS002136-Ms002142 Bind together in one BOOk
par: Indian Standard Institution
Publié: (1972)
Marine prawns and shrimps
par: Biswas, KP
Publié: (2011)
Marine prawns and shrimps
par: Biswas, KP
Publié: (2011)
Marine Prawns and shrimps
par: Biswas,K P
Publié: (2011)
Farming of prawns and shrimps
par: Apud, F D Primavera, J H Torres, P L
Publié: (1987)
Chargement en cours...